[Event "TCh-FRA Top 16 Haute 2023"]
[Site "Chartres FRA"]
[Date "2023.06.10"]
[Round "3.1"]
[Board "6"]
[White "Sochacki, Christophe"]
[Black "Le Roux, Jean-Pierre"]
[Result "1-0"]
[WhiteTitle "GM"]
[BlackTitle "GM"]
[WhiteElo "2450"]
[BlackElo "2509"]
[WhiteTeam "Grasse Echecs"]
[BlackTeam "Bischwiller"]
[WhiteFideId "662569"]
[BlackFideId "609404"]
[EventDate "2023.06.08"]

1. d4 Nf6 2. Bg5 c5 3. d5 Ne4 4. Bf4 e6 5. f3 Bd6 6. Bxd6 Nxd6 7. Nc3 b5 8. e4
b4 9. dxe6 dxe6 10. Nb5 Nb7 11. Qxd8+ Kxd8 12. a3 Nc6 13. f4 Bd7 14. Nf3 Ke7 15.
e5 Rhd8 16. Be2 f6 17. h4 a5 18. h5 h6 19. Rh3 Kf7 20. O-O-O Ne7 21. a4 Nd5 22.
g3 Bc6 23. Nd2 Nb6 24. g4 Nxa4 25. f5 fxe5 26. Nc7 Rac8 27. Nxe6 Rd7 28. g5 Nd6 1-0

[Event "TCh-FRA Top 16 Haute 2023"]
[Site "Chartres FRA"]
[Date "2023.06.10"]
[Round "3.1"]
[Board "7"]
[White "Maze, Sebastien"]
[Black "Wirig, Anthony"]
[Result "1/2-1/2"]
[WhiteTitle "GM"]
[BlackTitle "GM"]
[WhiteElo "2539"]
[BlackElo "2518"]
[WhiteTeam "Bischwiller"]
[BlackTeam "Grasse Echecs"]
[WhiteFideId "613762"]
[BlackFideId "615013"]
[EventDate "2023.06.08"]

1. d4 Nf6 2. c4 c6 3. Nf3 d5 4. e3 g6 5. Nc3 Bg7 6. Bd2 O-O 7. Rc1 e6 8. Bd3
Nbd7 9. O-O Re8 10. Qc2 a6 11. e4 dxe4 12. Bxe4 e5 13. d5 Nc5 14. Bg5 Ncxe4 15.
Nxe4 cxd5 16. cxd5 h6 17. Bxf6 Bxf6 18. Rfd1 Bg7 19. d6 Bf5 20. Nfd2 Bg4 21. f3
Bd7 22. Qc7 b6 23. Nc4 Rb8 24. Ne3 f5 25. Nc3 Rc8 26. Qxd8 Rexd8 27. Ned5 Kf7
28. Nxb6 Rc6 29. Ncd5 Rxc1 30. Rxc1 e4 31. fxe4 fxe4 32. Rc4 Ke6 33. Nf4+ Kxd6
34. Nxd7 Kxd7 35. Rxe4 Bxb2 36. Nxg6 Rc8 37. Ne5+ Ke6 38. Nf3+ Kd5 39. Ra4 Rc6
40. Ra5+ Ke4 41. Kf2 Rc2+ 42. Kg3 Rc6 43. h4 Bc3 44. Ra3 a5 45. Rb3 Rc5 46. Rb6
h5 47. Kh3 Kd3 48. Ng5 Rc4 49. Rh6 1/2-1/2

[Event "TCh-FRA Top 16 Haute 2023"]
[Site "Chartres FRA"]
[Date "2023.06.10"]
[Round "3.1"]
[Board "8"]
[White "Milliet, Sophie"]
[Black "Sebag, Marie"]
[Result "0-1"]
[WhiteTitle "IM"]
[BlackTitle "GM"]
[WhiteElo "2384"]
[BlackElo "2421"]
[WhiteTeam "Grasse Echecs"]
[BlackTeam "Bischwiller"]
[WhiteFideId "623725"]
[BlackFideId "617822"]
[EventDate "2023.06.08"]

1. e4 c5 2. Nf3 d6 3. d4 cxd4 4. Nxd4 Nf6 5. Nc3 a6 6. h3 g6 7. g4 Bg7 8. Be3
O-O 9. g5 Nh5 10. Be2 e5 11. Nf5 gxf5 12. Bxh5 f4 13. Bd2 Qxg5 14. h4 Qh6 15.
Nd5 Nc6 16. Bc3 Be6 17. Bf3 Nd4 18. Bxd4 exd4 19. Nb6 Rad8 20. Qd3 f5 21. O-O-O
fxe4 22. Qxe4 d5 23. Qd3 Rd6 24. Na4 Rc6 25. Rhg1 b5 26. Rg5 Qf6 27. Rh5 Qg6 28.
Qd2 Rfc8 29. c3 bxa4 30. Qxf4 dxc3 31. b3 c2 32. Rdxd5 Qg1+ 0-1

[Event "TCh-FRA Top 16 Haute 2023"]
[Site "Chartres FRA"]
[Date "2023.06.10"]
[Round "3.2"]
[Board "1"]
[White "Ivanchuk, Vasyl"]
[Black "Vachier-Lagrave, Maxime"]
[Result "1/2-1/2"]
[WhiteTitle "GM"]
[BlackTitle "GM"]
[WhiteElo "2655"]
[BlackElo "2747"]
[WhiteTeam "C'Chartres Echecs"]
[BlackTeam "Asnieres Le Grand Echiquier"]
[WhiteFideId "14100010"]
[BlackFideId "623539"]
[EventDate "2023.06.08"]

1. d4 d5 2. c4 dxc4 3. Nf3 Nf6 4. e3 e6 5. Bxc4 a6 6. O-O c5 7. b3 cxd4 8. Nxd4
Be7 9. Bb2 O-O 10. Nd2 b5 11. Be2 Bb7 12. Rc1 Qd7 13. Bf3 Ra7 14. Bxb7 Rxb7 15.
N2f3 Rc7 16. Rxc7 Qxc7 17. Qb1 Rc8 18. Rc1 Qb7 19. Rxc8+ Qxc8 20. Qc2 Qxc2 21.
Nxc2 Nd5 22. Kf1 f6 23. e4 Nf4 24. Nfe1 e5 25. g3 Ne6 26. Ne3 Kf7 27. Nd5 Bd6
28. Ke2 Nc6 29. Nc2 Nc7 30. Nxc7 1/2-1/2

[Event "TCh-FRA Top 16 Haute 2023"]
[Site "Chartres FRA"]
[Date "2023.06.10"]
[Round "3.2"]
[Board "2"]
[White "Esipenko, Andrey"]
[Black "Mamedov, Rauf"]
[Result "1/2-1/2"]
[WhiteTitle "GM"]
[BlackTitle "GM"]
[WhiteElo "2682"]
[BlackElo "2642"]
[WhiteTeam "Asnieres Le Grand Echiquier"]
[BlackTeam "C'Chartres Echecs"]
[WhiteFideId "24175439"]
[BlackFideId "13401653"]
[EventDate "2023.06.08"]

1. e4 c5 2. Nf3 e6 3. d4 cxd4 4. Nxd4 Nf6 5. Nc3 Nc6 6. Be2 Bb4 7. Qd3 d5 8.
exd5 Nxd5 9. Bd2 Nxc3 10. Nxc6 bxc6 11. bxc3 Be7 12. c4 O-O 13. O-O Qc7 14. Bc3 1/2-1/2

[Event "TCh-FRA Top 16 Haute 2023"]
[Site "Chartres FRA"]
[Date "2023.06.10"]
[Round "3.2"]
[Board "3"]
[White "Kamsky, Gata"]
[Black "Harikrishna, Pentala"]
[Result "1/2-1/2"]
[WhiteTitle "GM"]
[BlackTitle "GM"]
[WhiteElo "2659"]
[BlackElo "2704"]
[WhiteTeam "C'Chartres Echecs"]
[BlackTeam "Asnieres Le Grand Echiquier"]
[WhiteFideId "2000024"]
[BlackFideId "5007003"]
[EventDate "2023.06.08"]

1. d4 d5 2. Nf3 Nf6 3. Bf4 e6 4. e3 Bd6 5. Bg3 c5 6. c4 O-O 7. cxd5 exd5 8. Bxd6
Qxd6 9. dxc5 Qxc5 10. Be2 Nc6 11. O-O Qb6 12. Qb3 Qxb3 13. axb3 Bf5 14. Nc3 a6
15. Rfc1 Rad8 16. Ra4 Rc8 17. h3 h6 18. Nd4 Nxd4 19. Rxd4 Ne4 20. Bf3 Be6 21. b4
Nxc3 22. Rxc3 Rfd8 23. g4 Rxc3 24. bxc3 Rd7 25. b5 axb5 1/2-1/2

[Event "TCh-FRA Top 16 Haute 2023"]
[Site "Chartres FRA"]
[Date "2023.06.10"]
[Round "3.2"]
[Board "4"]
[White "Oparin, Grigoriy"]
[Black "Lagarde, Maxime"]
[Result "1/2-1/2"]
[WhiteTitle "GM"]
[BlackTitle "GM"]
[WhiteElo "2687"]
[BlackElo "2597"]
[WhiteTeam "Asnieres Le Grand Echiquier"]
[BlackTeam "C'Chartres Echecs"]
[WhiteFideId "24125890"]
[BlackFideId "662399"]
[EventDate "2023.06.08"]

1. d4 Nf6 2. c4 g6 3. Nc3 d5 4. cxd5 Nxd5 5. e4 Nxc3 6. bxc3 Bg7 7. Bc4 c5 8.
Ne2 O-O 9. O-O Nc6 10. Be3 Bg4 11. f3 Bd7 12. Rb1 cxd4 13. cxd4 a6 14. Bd5 e6
15. Bxc6 Bxc6 16. Qd2 Qd7 17. Nc3 Rfd8 18. Rfd1 Rac8 19. h4 Ba4 20. Nxa4 Qxa4
21. Rb4 Qd7 22. h5 b5 23. h6 Bf8 24. Rb3 Rc4 25. Rd3 Rdc8 26. Qf2 Rc2 27. R3d2
Rc1 28. d5 exd5 29. Qe1 Rxd1 30. Qxd1 Qe6 31. Rxd5 f5 32. e5 Rc3 33. Bf4 Rc4 34.
Be3 Rc3 35. Bf4 Rc4 36. Be3 f4 37. Bf2 Bxh6 38. Bc5 Bf8 39. Bxf8 Kxf8 40. Rd6
Qxe5 41. Rxa6 Rd4 42. Qb3 Kg7 43. Re6 Qc5 44. Kf1 Rc4 45. Qb2+ Kh6 46. Qd2 Rc1+
47. Re1 Rxe1+ 48. Qxe1 Kg5 49. Qd2 Qe5 50. g3 Qe3 51. Qd5+ Kh6 52. gxf4 Qxf4 53.
Kf2 b4 54. Ke2 g5 55. Qe6+ Kh5 56. Qh3+ Qh4 57. Qe6 Qh2+ 58. Kf1 Qh1+ 59. Kf2
Qh4+ 60. Kg2 Qf4 61. Qh3+ Kg6 62. Qe6+ Kg7 63. Qd7+ Qf7 64. Qd4+ Kh6 65. Qd6+
Qg6 66. Qxb4 Qc2+ 67. Kg3 Qxa2 68. f4 gxf4+ 1/2-1/2

[Event "TCh-FRA Top 16 Haute 2023"]
[Site "Chartres FRA"]
[Date "2023.06.10"]
[Round "3.2"]
[Board "5"]
[White "Maurizzi, Marc'Andria"]
[Black "Cornette, Matthieu"]
[Result "1-0"]
[WhiteTitle "GM"]
[BlackTitle "GM"]
[WhiteElo "2548"]
[BlackElo "2578"]
[WhiteTeam "C'Chartres Echecs"]
[BlackTeam "Asnieres Le Grand Echiquier"]
[WhiteFideId "36083534"]
[BlackFideId "620084"]
[EventDate "2023.06.08"]

1. d4 d5 2. c4 e6 3. Nc3 Nf6 4. Bg5 dxc4 5. e3 c5 6. Bxf6 Qxf6 7. d5 g6 8. Bxc4
Bg7 9. Qa4+ Nd7 10. dxe6 fxe6 11. Nf3 O-O 12. Qc2 Nb6 13. Bd3 Bd7 14. Rd1 Rac8
15. O-O Bc6 16. Be4 Qe7 17. Bxc6 Rxc6 18. Qe4 Qf6 19. Qc2 Qf5 20. e4 Qf7 21. Nb5
a6 22. Na7 Rc7 23. Qb3 Na8 24. Ng5 Qf6 25. Nxe6 c4 26. Qh3 Qxb2 27. Nxf8 Bxf8
28. Qe6+ Kg7 29. Rd7+ Rxd7 30. Qxd7+ Kh6 31. Qc8 Ba3 32. Qxc4 Nb6 33. Qd3 Bc5
34. Nc8 Qxa2 35. Qh3+ Kg7 36. Qc3+ 1-0

[Event "TCh-FRA Top 16 Haute 2023"]
[Site "Chartres FRA"]
[Date "2023.06.10"]
[Round "3.2"]
[Board "6"]
[White "Moussard, Jules"]
[Black "Guliyev, Namig"]
[Result "1/2-1/2"]
[WhiteTitle "GM"]
[BlackTitle "GM"]
[WhiteElo "2655"]
[BlackElo "2521"]
[WhiteTeam "Asnieres Le Grand Echiquier"]
[BlackTeam "C'Chartres Echecs"]
[WhiteFideId "642908"]
[BlackFideId "13400363"]
[EventDate "2023.06.08"]

1. c4 e5 2. g3 Nc6 3. Bg2 g6 4. Nc3 Bg7 5. Nf3 d6 6. d3 Nge7 7. O-O O-O 8. Rb1
Bd7 9. b4 Qc8 10. b5 Nd4 11. e3 Nxf3+ 12. Bxf3 Rb8 13. a4 Bh3 14. Re1 f5 15. Qd2
g5 16. Ba3 f4 17. exf4 gxf4 18. Nd5 Nxd5 19. Bxd5+ Be6 20. Be4 Kh8 21. d4 exd4
22. Qd3 Bf5 23. Bb2 Bxe4 24. Rxe4 c5 25. bxc6 bxc6 26. Bxd4 Rxb1+ 27. Qxb1 Bxd4
28. Rxd4 fxg3 29. hxg3 Qe6 30. Qd1 Rd8 31. Rf4 c5 32. Qf3 Re8 33. Kg2 Kg7 34. a5
h6 35. a6 Re7 36. Qa8 h5 37. Qf3 Kg6 38. g4 Rg7 39. gxh5+ Kh7+ 40. Kf1 Qe5 41.
Qe4+ Qxe4 42. Rxe4 Kh6 43. Re6+ Kxh5 44. Rxd6 Kg4 45. Ke2 Kf4 46. Kd3 Rc7 47.
Rh6 Kg5 48. Rh8 Rc6 49. Ke4 Rxa6 50. f4+ Kg6 51. Rc8 Ra1 52. Rc6+ Kg7 53. Rxc5
a5 54. Kf5 a4 55. Rc7+ Kg8 56. Rc8+ Kf7 57. Rc7+ Kg8 58. Kf6 a3 59. Rg7+ Kh8 60.
Rg2 Rb1 61. c5 Rb2 62. Rg3 a2 63. Ra3 Kg8 64. Ra8+ Kh7 65. Ra7+ Kh6 66. f5 Rc2
67. Ra3 Kh5 68. Kg7 Rxc5 69. f6 Rg5+ 70. Kh7 Rf5 71. Kg7 Rg5+ 72. Kf8 Kg6 73. f7
Rf5 74. Rxa2 Rxf7+ 1/2-1/2

[Event "TCh-FRA Top 16 Haute 2023"]
[Site "Chartres FRA"]
[Date "2023.06.10"]
[Round "3.2"]
[Board "7"]
[White "Bauer, Christian"]
[Black "Pelletier, Yannick"]
[Result "0-1"]
[WhiteTitle "GM"]
[BlackTitle "GM"]
[WhiteElo "2593"]
[BlackElo "2511"]
[WhiteTeam "C'Chartres Echecs"]
[BlackTeam "Asnieres Le Grand Echiquier"]
[WhiteFideId "603767"]
[BlackFideId "1301837"]
[EventDate "2023.06.08"]

1. e4 e6 2. d4 d5 3. e5 c5 4. c3 Nc6 5. Nf3 Bd7 6. Be2 Nge7 7. O-O cxd4 8. cxd4
Nf5 9. Nc3 Rc8 10. a3 a6 11. Kh1 Qb6 12. Na4 Qa7 13. Be3 b5 14. Nc3 Be7 15. Bd3
Nxe3 16. fxe3 O-O 17. Ne2 f6 18. Nf4 fxe5 19. Nxe5 Nxe5 20. dxe5 Bg5 21. Qh5 Bh6
22. Rf3 d4 23. Rg3 Kh8 24. Rh3 Be8 25. Qg4 dxe3 26. Nxe6 Qd7 27. Rg3 Rf2 28. Qe4
g6 29. Ng5 Rd2 30. Bf1 Rd1 31. Rxd1 Qxd1 32. Rf3 Bxg5 33. e6 e2 34. Qe5+ Kg8 35.
Kg1 Rc1 0-1

[Event "TCh-FRA Top 16 Haute 2023"]
[Site "Chartres FRA"]
[Date "2023.06.10"]
[Round "3.2"]
[Board "8"]
[White "Guichard, Pauline"]
[Black "Daulyte-Cornette, Deimante"]
[Result "1/2-1/2"]
[WhiteTitle "IM"]
[BlackTitle "IM"]
[WhiteElo "2395"]
[BlackElo "2354"]
[WhiteTeam "Asnieres Le Grand Echiquier"]
[BlackTeam "C'Chartres Echecs"]
[WhiteFideId "639370"]
[BlackFideId "12802859"]
[EventDate "2023.06.08"]

1. d4 Nf6 2. c4 e6 3. Nc3 Bb4 4. Bd2 O-O 5. Nf3 d5 6. e3 Nbd7 7. Rc1 c6 8. Bd3
dxc4 9. Bxc4 Qe7 10. O-O e5 11. h3 e4 12. Ne5 Nxe5 13. dxe5 Qxe5 14. Nxe4 Rd8
15. Qc2 Nxe4 16. Bxb4 a5 17. f4 Qe8 18. Be1 Bf5 19. Qe2 Be6 20. Kh2 b5 21. Bd3
Bxa2 22. Ra1 Rxd3 23. Rxa2 Nc5 24. Qc2 Rd5 25. Rxa5 Rad8 26. b4 Nd3 27. Ra6 Qxe3
28. Qxc6 h6 29. Ra8 Kh7 30. Rxd8 Rxd8 31. Bh4 Rd4 32. Qxb5 Rxf4 33. Rxf4 Qxf4+
34. Bg3 Qe4 35. Qd7 Nxb4 36. Qxf7 Nd5 37. Qf3 1/2-1/2

[Event "TCh-FRA Top 16 Haute 2023"]
[Site "Chartres FRA"]
[Date "2023.06.10"]
[Round "3.3"]
[Board "1"]
[White "Korobov, Anton"]
[Black "Nihal, Sarin"]
[Result "1/2-1/2"]
[WhiteTitle "GM"]
[BlackTitle "GM"]
[WhiteElo "2661"]
[BlackElo "2681"]
[WhiteTeam "Echiquier Chalonnais"]
[BlackTeam "Mulhouse Philidor"]
[WhiteFideId "14105730"]
[BlackFideId "25092340"]
[EventDate "2023.06.08"]

1. e4 e5 2. Nf3 Nc6 3. Bc4 Bc5 4. O-O Nf6 5. d3 O-O 6. c3 d5 7. exd5 Nxd5 8. a4
a5 9. Nbd2 Nb6 10. Bb5 Bd6 11. Re1 Bg4 12. h3 Bh5 13. Ne4 Na7 14. Nxd6 cxd6 15.
d4 Nxb5 16. axb5 f6 17. b3 Qc7 18. c4 Rfd8 19. Be3 a4 20. d5 axb3 21. Bxb6 Qxb6
22. Qxb3 Ra5 23. Ra3 Bxf3 24. Qxf3 Rxa3 25. Qxa3 Rc8 26. Rc1 g6 27. h4 1/2-1/2

[Event "TCh-FRA Top 16 Haute 2023"]
[Site "Chartres FRA"]
[Date "2023.06.10"]
[Round "3.3"]
[Board "2"]
[White "Narayanan, S.L."]
[Black "Grandelius, Nils"]
[Result "1/2-1/2"]
[WhiteTitle "GM"]
[BlackTitle "GM"]
[WhiteElo "2657"]
[BlackElo "2674"]
[WhiteTeam "Mulhouse Philidor"]
[BlackTeam "Echiquier Chalonnais"]
[WhiteFideId "5058422"]
[BlackFideId "1710400"]
[EventDate "2023.06.08"]

1. e4 c5 2. Nf3 d6 3. Bb5+ Bd7 4. Bxd7+ Qxd7 5. c4 Nf6 6. Nc3 g6 7. O-O Bg7 8.
d4 cxd4 9. Qxd4 O-O 10. Qd3 Nc6 11. Bf4 Qg4 12. Qe3 Nh5 13. Bg5 Nd4 14. Nxd4
Bxd4 15. Qxd4 Qxg5 16. Kh1 Qc5 17. Qd3 Nf6 18. b3 a6 19. Rac1 Rac8 20. f3 b5 21.
cxb5 axb5 22. Qxb5 Qe3 23. Ne2 Nh5 24. g3 Rxc1 25. Nxc1 Rc8 26. Qd3 Nxg3+ 27.
hxg3 Qh6+ 28. Kg2 Rxc1 29. Rxc1 Qxc1 30. a4 Qe1 31. Qd4 Qb1 32. Qc3 Qa2+ 33. Kf1
h5 34. a5 Qb1+ 35. Kf2 Qa2+ 36. Ke3 g5 37. b4 Qa4 38. Kd2 h4 39. gxh4 gxh4 40.
Qc8+ Kg7 41. Qg4+ Kf8 42. Qc8+ Kg7 1/2-1/2

[Event "TCh-FRA Top 16 Haute 2023"]
[Site "Chartres FRA"]
[Date "2023.06.10"]
[Round "3.3"]
[Board "3"]
[White "Salgado Lopez, Ivan"]
[Black "Mendonca, Leon Luke"]
[Result "1/2-1/2"]
[WhiteTitle "GM"]
[BlackTitle "GM"]
[WhiteElo "2591"]
[BlackElo "2623"]
[WhiteTeam "Echiquier Chalonnais"]
[BlackTeam "Mulhouse Philidor"]
[WhiteFideId "2257327"]
[BlackFideId "35028561"]
[EventDate "2023.06.08"]

1. d4 d5 2. c4 c6 3. Nf3 Nf6 4. cxd5 cxd5 5. Nc3 Nc6 6. Bf4 Bf5 7. e3 e6 8. Qb3
Bb4 9. Bb5 O-O 10. Bxc6 Bxc3+ 11. Qxc3 Rc8 12. Ne5 Ng4 13. Nxg4 Bxg4 14. Qb4
Rxc6 15. Qxb7 Qc8 16. Qxc8 Rfxc8 17. O-O a5 18. b3 Be2 19. Rfe1 Bb5 20. h4 h5
21. Reb1 Bd3 22. Rb2 Rc1+ 23. Rxc1 Rxc1+ 24. Kh2 Rc2 25. Rxc2 Bxc2 26. Bc7 Bb1
27. a3 Bc2 28. Bxa5 Bxb3 29. Bb4 Ba4 30. Kg3 f6 31. Kf4 Kf7 32. f3 Bc2 33. g4
hxg4 34. fxg4 Ke8 35. Bc5 Bd1 36. g5 fxg5+ 37. Kxg5 Kf7 38. Kf4 Ke8 39. Kg5 Kf7
40. Kf4 Ke8 41. Ke5 Kd7 42. Bf8 g6 43. e4 Bf3 44. exd5 exd5 45. a4 Be4 46. a5
Kc6 47. Bc5 Kb5 48. Bb6 Ka6 49. Kd6 Kb7 50. Kc5 Ka6 51. Kc6 Bf3 52. Kc5 1/2-1/2

[Event "TCh-FRA Top 16 Haute 2023"]
[Site "Chartres FRA"]
[Date "2023.06.10"]
[Round "3.3"]
[Board "4"]
[White "Rakotomaharo, Fy Antenaina"]
[Black "David, Alberto"]
[Result "1/2-1/2"]
[WhiteTitle "IM"]
[BlackTitle "GM"]
[WhiteElo "2462"]
[BlackElo "2540"]
[WhiteTeam "Mulhouse Philidor"]
[BlackTeam "Echiquier Chalonnais"]
[WhiteFideId "13100050"]
[BlackFideId "4000013"]
[EventDate "2023.06.08"]

1. e4 c5 2. Nf3 e6 3. d4 cxd4 4. Nxd4 Nc6 5. a3 Nf6 6. Nc3 Be7 7. Nxc6 bxc6 8.
e5 Nd5 9. Qg4 g6 10. Qg3 d6 11. exd6 Bxd6 12. Qf3 Be5 13. Bd2 Rb8 14. Na4 Qh4
15. c4 Nb6 16. Bc3 Bxc3+ 17. Nxc3 O-O 18. Qg3 Qxg3 19. hxg3 e5 20. c5 Nd7 21. b4
a5 22. Rb1 axb4 23. axb4 Nf6 24. b5 Bf5 25. Rc1 cxb5 26. Nxb5 Rfc8 27. Nd6 Rc7
28. Rh4 Be6 29. Ra4 Bd5 30. Nb5 Rcc8 31. Ra6 Ne8 32. c6 Nc7 33. Nxc7 Rxc7 34. f3
Kf8 35. Rc5 Be6 36. Ra1 Rb2 37. Rac1 f6 38. g4 Ke7 39. g5 fxg5 40. Rxe5 Kd6 41.
Rb5 1/2-1/2

[Event "TCh-FRA Top 16 Haute 2023"]
[Site "Chartres FRA"]
[Date "2023.06.10"]
[Round "3.3"]
[Board "5"]
[White "Fedorchuk, Sergey A."]
[Black "Terrieux, Kevin"]
[Result "1-0"]
[WhiteTitle "GM"]
[BlackTitle "IM"]
[WhiteElo "2579"]
[BlackElo "2446"]
[WhiteTeam "Echiquier Chalonnais"]
[BlackTeam "Mulhouse Philidor"]
[WhiteFideId "14102536"]
[BlackFideId "622591"]
[EventDate "2023.06.08"]

1. e4 c5 2. Nf3 d6 3. d4 cxd4 4. Nxd4 Nf6 5. Nc3 g6 6. Be3 Nc6 7. Be2 Bg7 8. Qd2
Ng4 9. Bxg4 Bxg4 10. O-O O-O 11. Nxc6 bxc6 12. Bh6 Rb8 13. Bxg7 Kxg7 14. b3 Qa5
15. f4 f6 16. Rae1 Rfd8 17. Re3 Be6 18. Qf2 Rb4 19. Kh1 Qc5 20. Ne2 Bf7 21. c3
Rb6 22. Nd4 Qa5 23. c4 c5 24. Nb5 Rb7 25. Nc3 Qc7 26. Qh4 h6 27. e5 dxe5 28.
fxe5 Rb6 29. Qe1 fxe5 30. Rxe5 Rf6 31. Rg1 Rd7 32. Nb5 Qd8 33. Rxc5 Rd2 34. Re5
Rxa2 35. Rxe7 Qd3 36. Re3 Qc2 37. Nc3 Rb2 38. Ne4 Rf4 39. Qg3 Rxe4 40. Rxe4 1-0

[Event "TCh-FRA Top 16 Haute 2023"]
[Site "Chartres FRA"]
[Date "2023.06.10"]
[Round "3.3"]
[Board "6"]
[White "Zachary, Matheo"]
[Black "Velten, Paul"]
[Result "0-1"]
[WhiteTitle "FM"]
[BlackTitle "GM"]
[WhiteElo "2339"]
[BlackElo "2493"]
[WhiteTeam "Mulhouse Philidor"]
[BlackTeam "Echiquier Chalonnais"]
[WhiteFideId "26024691"]
[BlackFideId "681091"]
[EventDate "2023.06.08"]

1. e4 c6 2. Nc3 d5 3. Nf3 Bg4 4. h3 Bxf3 5. Qxf3 e6 6. d3 Nd7 7. a3 Bd6 8. g3
Ne7 9. Bg2 O-O 10. Qe2 Qb6 11. Nd1 Rae8 12. Be3 d4 13. Bd2 f5 14. exf5 exf5 15.
Qe6+ Kh8 16. O-O Qc7 17. Qc4 f4 18. gxf4 Bxf4 19. Bxf4 Qxf4 20. Re1 Ne5 21. Qc5
N7g6 22. Re4 Nf3+ 23. Bxf3 Qxf3 24. Qg5 Rxe4 25. dxe4 Nf4 0-1

[Event "TCh-FRA Top 16 Haute 2023"]
[Site "Chartres FRA"]
[Date "2023.06.10"]
[Round "3.3"]
[Board "7"]
[White "Bournel, Antoine"]
[Black "Papadiamandis, Elliot"]
[Result "1-0"]
[WhiteTitle "IM"]
[BlackTitle "IM"]
[WhiteElo "2354"]
[BlackElo "2320"]
[WhiteTeam "Echiquier Chalonnais"]
[BlackTeam "Mulhouse Philidor"]
[WhiteFideId "26093553"]
[BlackFideId "36074160"]
[EventDate "2023.06.08"]

1. d4 Nf6 2. Bg5 c5 3. d5 Ne4 4. Bc1 e6 5. g3 exd5 6. Bg2 Qf6 7. Nh3 Qe5 8. c3
d6 9. Nf4 Be6 10. Nd2 Nxd2 11. Qxd2 Nc6 12. Nxd5 O-O-O 13. O-O Ne7 14. Nf4 h5
15. Nxe6 fxe6 16. Qc2 d5 17. e4 Nc6 18. exd5 exd5 19. Bh3+ Rd7 20. Bf4 Qf6 21.
Rad1 d4 22. Rfe1 Be7 23. cxd4 cxd4 24. Re6 1-0

[Event "TCh-FRA Top 16 Haute 2023"]
[Site "Chartres FRA"]
[Date "2023.06.10"]
[Round "3.3"]
[Board "8"]
[White "Navrotescu, Andreea"]
[Black "Alexieva, Silvia"]
[Result "1-0"]
[WhiteTitle "WGM"]
[BlackTitle "IM"]
[WhiteElo "2194"]
[BlackElo "2213"]
[WhiteTeam "Mulhouse Philidor"]
[BlackTeam "Echiquier Chalonnais"]
[WhiteFideId "675946"]
[BlackFideId "2902265"]
[EventDate "2023.06.08"]

1. d4 Nf6 2. c4 e6 3. Nc3 Bb4 4. e3 O-O 5. Bd2 c5 6. a3 Bxc3 7. Bxc3 Ne4 8. Ne2
d6 9. g3 Qf6 10. f4 Na6 11. Bg2 Nxc3 12. Nxc3 Qe7 13. O-O Rb8 14. Nb5 b6 15.
dxc5 dxc5 16. Qd6 Qxd6 17. Nxd6 Bd7 18. b3 Rbd8 19. Rfd1 Nb8 20. Nb7 Rc8 21. Rd2
h5 22. Rad1 Rc7 23. Nd6 g6 24. Nb5 Bxb5 25. cxb5 Kg7 26. Rd8 Rc8 27. R8d6 Kf6
28. e4 Ke7 29. f5 Rfd8 30. f6+ Ke8 31. e5 Rxd6 32. Rxd6 Kf8 33. Bb7 Re8 34. h4
Kg8 35. Kf2 Kh7 36. Ke3 Kh6 37. Kf4 Rg8 38. Rc6 Rd8 39. Rc7 Rd4+ 40. Be4 Nd7 41.
Rxa7 c4 42. b4 Rd1 43. Rc7 Rf1+ 44. Bf3 Nxe5 45. Kxe5 Rxf3 46. Rxf7 Rxa3 47. Rf8
Kh7 48. Rb8 Re3+ 49. Kd6 Rf3 50. Ke7 c3 51. Rc8 g5 52. f7 gxh4 53. gxh4 1-0

[Event "TCh-FRA Top 16 Haute 2023"]
[Site "Chartres FRA"]
[Date "2023.06.10"]
[Round "3.4"]
[Board "1"]
[White "Vidit, Santosh Gujrathi"]
[Black "Van Foreest, Jorden"]
[Result "1-0"]
[WhiteTitle "GM"]
[BlackTitle "GM"]
[WhiteElo "2712"]
[BlackElo "2695"]
[WhiteTeam "Lyon Olympique Echecs"]
[BlackTeam "Clichy Echecs 92"]
[WhiteFideId "5029465"]
[BlackFideId "1039784"]
[EventDate "2023.06.08"]

1. Nf3 d5 2. e3 Nf6 3. c4 c6 4. Nc3 e6 5. b3 Bd6 6. d4 Nbd7 7. Bb2 O-O 8. Be2 b6
9. O-O Bb7 10. Qc2 Qe7 11. a4 a5 12. Rad1 Rfe8 13. h3 Rac8 14. Qb1 Rcd8 15. Qc2
Rc8 16. Bd3 c5 17. cxd5 exd5 18. Qe2 Nf8 19. Ba6 c4 20. Bb5 Bc6 21. bxc4 dxc4
22. d5 Bxb5 23. Nxb5 Red8 24. Nfd4 Qe5 25. Nxd6 Qxd6 26. Nf5 Qd7 27. Bxf6 gxf6
28. Qg4+ Ng6 29. h4 c3 30. h5 c2 31. Rc1 Kf8 32. e4 Qxa4 33. hxg6 hxg6 34. Ne3
f5 35. Qg5 Qxe4 36. Rxc2 Kg7 37. Rc6 Rxc6 38. Qxd8 Rf6 39. Rc1 1-0

[Event "TCh-FRA Top 16 Haute 2023"]
[Site "Chartres FRA"]
[Date "2023.06.10"]
[Round "3.4"]
[Board "2"]
[White "Amin, Bassem"]
[Black "Ter-Sahakyan, Samvel"]
[Result "1/2-1/2"]
[WhiteTitle "GM"]
[BlackTitle "GM"]
[WhiteElo "2690"]
[BlackElo "2598"]
[WhiteTeam "Clichy Echecs 92"]
[BlackTeam "Lyon Olympique Echecs"]
[WhiteFideId "10601457"]
[BlackFideId "13302531"]
[EventDate "2023.06.08"]

1. e4 c5 2. Nf3 d6 3. Bb5+ Nd7 4. c3 Nf6 5. Bd3 g6 6. Bc2 b5 7. a4 b4 8. O-O Bb7
9. Re1 Rc8 10. a5 Bg7 11. d3 bxc3 12. Nxc3 O-O 13. h3 a6 14. Bb3 Rc7 15. Bf4 Qa8
16. Qd2 Bc6 17. Bc4 Rb7 18. b3 Rb4 19. Na2 Rb7 20. Nc3 Rb4 21. Na2 Rb7 1/2-1/2